| 000 | 02961cam a22005534i 4500 | ||
|---|---|---|---|
| 003 | PE-LiUPU | ||
| 005 | 20251015094306.0 | ||
| 008 | 160531t20172017ilu rb 001 0 eng d | ||
| 020 | _a1433543281 | ||
| 020 | _a9781433543289 | ||
| 035 | _a(Sirsi) i9781433543289 | ||
| 035 | _a(OCoLC)1003870529 | ||
| 040 |
_aAUD _beng _erda _cAUD _dOCLCF _dLE# _dOCLCO _dPE-LiUPU |
||
| 049 | _aPRUA | ||
| 050 | 0 | 0 |
_aBR305.3 _b.R425 2017 |
| 082 | 0 | 0 |
_a230.4 _bR3 _223 |
| 245 | 0 | 0 |
_aReformation theology : _ba systematic summary / _cedited by Matthew Barrett ; prologue by Michael Horton. |
| 264 | 1 |
_aWheaton, Illinois : _bCrossway, _c2017. |
|
| 300 |
_a784 páginas ; _c24 centímetros |
||
| 336 |
_atext _2rdacontent |
||
| 337 |
_aunmediated _2rdamedia |
||
| 338 |
_avolume _2rdacarrier |
||
| 504 | _aIndice : páginas 769-779. | ||
| 505 | 0 | _aWhat are we celebrating? : taking stock after five centuries / Michael Horton -- Introduction : -- The crux of genuine reform / Matthew Barrett -- Historical Background to the Reformation : -- Late medieval theology / Gerald Bray -- The Reformers and their reformations / Carl R. Trueman and Eunjin Kim -- Reformation Theology : -- Sola Scriptura / Mark D. Thompson -- The Holy Trinity / Michael Reeves -- The being and attributes of God / Scott R. Swain -- Predestination and election / Cornelis P. Venema -- Creation, mankind, and the image of God / Douglas F. Kelly -- The person of Christ / Robert Letham -- The work of Christ / Donald Macleod -- The Holy Spirit / Graham A. Cole -- Union with Christ / J. V. Fesko -- The bondage and liberation of the will / Matthew Barrett -- Justification by faith alone / Korey D. Maas -- Sanctification, perseverance, and assurance / Michael Allen -- The church / Robert Kolb -- Baptism / Aaron Clay Denlinger -- The Lord's Supper / Keith A. Mathison -- The relationship of church and state / Peter A. Lillback -- Eschatology / Kim Riddlebarger. | |
| 526 | _aSEG42 | ||
| 526 | _aSEG41 | ||
| 526 | _aSEG40 | ||
| 526 | _aSEG39 | ||
| 526 | _aP94 | ||
| 526 | _aP87 | ||
| 526 | _aP86 | ||
| 526 | _aP85 | ||
| 526 | _aP77 | ||
| 526 | _aP76 | ||
| 526 | _aP35 | ||
| 650 | 0 |
_aReforma _91623 |
|
| 650 | 0 |
_aTeología, Doctrinal _xHistoria _ysiglo XVI. |
|
| 650 | 0 | _aReformation. | |
| 650 | 0 |
_aTheology, Doctrinal _xHistory _y16th century. |
|
| 700 | 1 |
_aBarrett, Matthew, _d1982- _eeditor. |
|
| 700 | 1 |
_aHorton, Michael Scott, _eprologo. |
|
| 910 |
_adbm _bncf _cncf _d20171226 |
||
| 942 |
_2ddc _cBOOK |
||
| 949 |
_a230.4 R3 _wDEWEY _c1 _i77762 _lCATALOGING _mBUL _p20.50 _r0 _sY _tBOOK _u2017-12-26 _xPOSGRADO _PP85 _0COMPRA _o.STAFF. Colección Teología. |
||
| 994 |
_aC0 _bPEPRU |
||
| 596 | _a1 | ||
| 999 |
_a230.4 R3 _wDEWEY _c26349 _i77762 _d26349 _e2018-10-12 _f2021-11-9 _g4 _lCCODEBUL1 _mBUL _n1 _p20.50 _q2 _r0 _sY _tBOOK _u2017-12-26 _xTEOLOGIA _PP85 _0COMPRA _o.STAFF. Colección Teología. |
||
| 980 |
_818226 _gJaime Vilcazán Jefe de Análisis Documental |
||